00368nam a2200121Ia 4500008004100000041000800041082001400049100001900063245009900082260002900181300001900210999001700229241015s9999 xx 000 0 und d aeng a658.8 CAL aCallan, Garvan aDigital Business Strategy How To Design, Build, And Future-Proof A Business In The Digital Age bDe GruyteraBostonc2024 a396;. P. 24 cm c41632d41632